000
00207nam a2200109Ia 4500
100
_a
#N/A
942
_c
BK
245
_a
A Course in Communication Skills
260
_b
#N/A
546
_a
ENGLISH
999
_c
24926
_d
24926